[Event "BIH-chT2"]
[Site "Tuzla"]
[Date "2015.10.16"]
[Round "1.1"]
[White "Rosic, Slavko S"]
[Black "Rasidovic, Sead"]
[Result "1-0"]
[WhiteElo "2279"]
[BlackElo "2337"]
[PlyCount "135"]
[EventDate "2015.10.16"]

1. e4 e6 2. d4 d5 3. Nd2 c5 4. exd5 Qxd5 5. dxc5 Bxc5 6. Ngf3 Nf6 7. Bc4 Qd6 8.
O-O a6 9. Qe2 Qc7 10. Ne4 Be7 11. Bg5 Nbd7 12. Nxf6+ Nxf6 13. a4 O-O 14. Ne5
Nd5 15. Bxe7 Nxe7 16. Rfe1 Nc6 17. Nxc6 Qxc6 18. Bd3 Bd7 19. Red1 Rfd8 20. Be4
Qb6 21. Ra3 Bc6 22. Rb3 Rxd1+ 23. Qxd1 Qa5 24. Bxc6 bxc6 25. Rd3 c5 26. b3 c4
27. Rd7 Rc8 28. g3 cxb3 29. cxb3 Rf8 30. Qd3 Qe1+ 31. Kg2 a5 32. h4 h6 33. Ra7
Qe5 34. Qf3 g5 35. hxg5 hxg5 36. Rb7 Qd4 37. Rb5 f6 38. Rxa5 Kg7 39. Ra8 g4 40.
Qc6 Rxa8 41. Qxa8 f5 42. Qc6 e5 43. a5 f4 44. gxf4 exf4 45. Qe6 g3 46. fxg3
Qd2+ 47. Kh3 fxg3 48. Qe5+ Kf7 49. a6 Qh2+ 50. Kg4 Qa2 51. Qc7+ Ke6 52. Qc4+
Kd6 53. Kxg3 Qa5 54. Kf3 Qh5+ 55. Ke3 Qh3+ 56. Kd4 Qh8+ 57. Kd3 Qh7+ 58. Kc3
Qh5 59. Kb4 Qe5 60. a7 Qe1+ 61. Kb5 Qe5+ 62. Kb6 Qe3+ 63. Ka6 Qf3 64. Qd4+ Ke6
65. Qb6+ Ke5 66. Qc7+ Kd4 67. Qd8+ Kc5 68. Qb6+ 1-0

[Event "BIH-chT2"]
[Site "Tuzla"]
[Date "2015.10.16"]
[Round "1.1"]
[White "Avdic, Mirza"]
[Black "Abdil, Halil"]
[Result "1/2-1/2"]
[WhiteElo "2221"]
[BlackElo "2211"]
[PlyCount "149"]
[EventDate "2015.10.16"]

1. Nf3 Nf6 2. g3 g6 3. b3 Bg7 4. Bb2 c5 5. c4 d6 6. Bg2 e5 7. O-O O-O 8. e3 Nc6
9. d3 h6 10. Nc3 Be6 11. h3 d5 12. cxd5 Nxd5 13. Nxd5 Bxd5 14. Qe2 Re8 15. Rfd1
Rc8 16. Rac1 Qa5 17. Bc3 Nb4 18. e4 Bc6 19. Ra1 Qb5 20. a3 Na6 21. Qb2 f6 22.
Nd2 Qb6 23. Nc4 Qc7 24. b4 Ba4 25. Rdc1 Qd7 26. Bf1 h5 27. Rab1 cxb4 28. axb4
Nc7 29. Bd2 Ne6 30. Be3 b5 31. Na5 f5 32. Nb3 f4 33. Nc5 Nxc5 34. Bxc5 fxg3 35.
fxg3 Bh6 36. Re1 a5 37. Qf2 axb4 38. Rxb4 Rxc5 39. Qxc5 Bf8 40. Qc3 Rc8 41. Qb2
Rc2 42. Qb1 Bxb4 43. Qxb4 Qa7+ 44. d4 Qxd4+ 45. Qxd4 exd4 46. Rd1 Rc3 47. Rxd4
Rxg3+ 48. Kf2 Rb3 49. Rd7 Rb2+ 50. Ke3 Rb1 51. Bd3 Rh1 52. e5 Rxh3+ 53. Kf4 b4
54. Bc4+ Kf8 55. Rc7 b3 56. e6 b2 57. Ba2 Bb3 58. e7+ Ke8 59. Bb1 Bf7 60. Bc2
Ra3 61. Ke5 Re3+ 62. Kd4 Rxe7 63. Rc8+ Kd7 64. Rb8 h4 65. Rxb2 g5 66. Kc5 Ke6
67. Kd4 Kf6 68. Be4 g4 69. Rb5 Be6 70. Ke3 Bd7 71. Rh5 h3 72. Kf4 g3 73. Rh6+
Kf7 74. Rh7+ Kf8 75. Kxg3 1/2-1/2

[Event "BIH-chT2"]
[Site "Tuzla"]
[Date "2015.10.16"]
[Round "1.1"]
[White "Petrovic, Sasa"]
[Black "Hadzovic, Amir"]
[Result "1/2-1/2"]
[WhiteElo "2225"]
[BlackElo "2218"]
[PlyCount "68"]
[EventDate "2015.10.16"]

1. e4 e5 2. Nf3 Nc6 3. Bb5 a6 4. Bxc6 dxc6 5. O-O Bg4 6. h3 Bxf3 7. Qxf3 Qf6 8.
Qxf6 Nxf6 9. d3 Bc5 10. Nd2 Ng8 11. g3 Ne7 12. Kg2 O-O 13. Nc4 f6 14. f4 b5 15.
Be3 Bxe3 16. Nxe3 exf4 17. gxf4 Rad8 18. a4 b4 19. b3 c5 20. h4 Nc6 21. Rf2 Nd4
22. Rg1 Rd6 23. Kh2 f5 24. Nxf5 Nxf5 25. exf5 Rxf5 26. Rg5 Rdf6 27. Kg3 Kf7 28.
Rxf5 Rxf5 29. Re2 g6 30. Re4 a5 31. Kg4 Rd5 32. Kf3 Rh5 33. Kg3 Rf5 34. Kg4 Rd5
1/2-1/2

[Event "BIH-chT2"]
[Site "Tuzla"]
[Date "2015.10.16"]
[Round "1.1"]
[White "Mestrovic, Zvonimir"]
[Black "Pasalic, Adnan"]
[Result "1/2-1/2"]
[WhiteElo "2271"]
[BlackElo "2078"]
[PlyCount "61"]
[EventDate "2015.10.16"]

1. e4 e6 2. d4 d5 3. Nc3 Nf6 4. Bg5 Bb4 5. e5 h6 6. Bd2 Bxc3 7. Bxc3 Ne4 8. Bb4
c5 9. dxc5 Nxf2 10. Kxf2 Qh4+ 11. g3 Qxb4 12. Nf3 Nc6 13. Rb1 Qxc5+ 14. Kg2 O-O
15. a3 a5 16. Bd3 b5 17. Qe2 Rb8 18. Rhf1 b4 19. a4 Bb7 20. Rf2 f6 21. Re1 fxe5
22. Nxe5 Rxf2+ 23. Qxf2 Qxf2+ 24. Kxf2 Nxe5 25. Rxe5 Kf7 26. Ke3 Kf6 27. Kd4
Bc6 28. b3 Be8 29. Re2 Rc8 30. Rf2+ Ke7 31. Ke5 1/2-1/2

[Event "BIH-chT2"]
[Site "Tuzla"]
[Date "2015.10.16"]
[Round "1.1"]
[White "Corbadzic, Samir"]
[Black "Strinic, Halid"]
[Result "0-1"]
[WhiteElo "2111"]
[BlackElo "2109"]
[PlyCount "100"]
[EventDate "2015.10.16"]

1. e4 c5 2. Nf3 d6 3. d4 cxd4 4. Nxd4 Nf6 5. Nc3 a6 6. Bg5 e6 7. f4 Nbd7 8. g4
h6 9. Bh4 g5 10. fxg5 Nh7 11. Qd2 Be7 12. O-O-O Bxg5 13. Bxg5 Qxg5 14. Qxg5
hxg5 15. Nf3 Ke7 16. Bg2 Ne5 17. h3 Bd7 18. Rhe1 Bc6 19. Rd4 Nxf3 20. Bxf3 Nf8
21. Bg2 Ng6 22. Re3 Nf4 23. Bf1 Rhd8 24. Rd2 Rac8 25. Ne2 Bb5 26. Nxf4 gxf4 27.
Rf3 Bxf1 28. Rxf1 e5 29. Rf3 Rc4 30. Re2 Rdc8 31. c3 b5 32. Kc2 Ra4 33. a3 Rac4
34. Kb3 Ke6 35. Rd3 R8c6 36. Kc2 a5 37. b3 R4c5 38. Kd2 a4 39. b4 Rc4 40. Kc2
Rd4 41. Kd2 Rxd3+ 42. Kxd3 d5 43. h4 Rc4 44. exd5+ Kxd5 45. h5 e4+ 46. Kd2 Ke5
47. h6 Rc8 48. Rh2 e3+ 49. Ke2 Ke4 50. h7 f3+ 0-1

[Event "BIH-chT2"]
[Site "Tuzla"]
[Date "2015.10.16"]
[Round "1.1"]
[White "Miladinovic, Zlatko"]
[Black "Hamzic, Adil"]
[Result "1/2-1/2"]
[WhiteElo "2033"]
[BlackElo "1762"]
[PlyCount "44"]
[EventDate "2015.10.16"]

1. Nf3 Nf6 2. c4 e6 3. g3 b6 4. Bg2 Bb7 5. O-O Be7 6. d4 d5 7. Ne5 Nbd7 8. Nc3
O-O 9. b3 c5 10. Nxd7 Qxd7 11. dxc5 Bxc5 12. cxd5 exd5 13. Na4 Be7 14. Nb2 Rad8
15. Nd3 d4 16. Ne5 Qc8 17. Bb2 Bxg2 18. Kxg2 Qa8+ 19. Kg1 Qe4 20. Nd3 Bd6 21.
Rc1 Rfe8 22. Rc2 Qg4 1/2-1/2

[Event "BIH-chT2"]
[Site "Tuzla"]
[Date "2015.10.16"]
[Round "1.2"]
[White "Vajic, Goran"]
[Black "Nurkic, Sahbaz"]
[Result "1/2-1/2"]
[WhiteElo "2335"]
[BlackElo "2372"]
[PlyCount "137"]
[EventDate "2015.10.16"]

1. e4 g6 2. d4 Bg7 3. Nc3 c6 4. Nf3 Nf6 5. e5 Nd5 6. Nxd5 cxd5 7. Bf4 O-O 8.
Qd2 Nc6 9. Bd3 d6 10. c3 Bg4 11. exd6 Bxf3 12. gxf3 e5 13. dxe5 Nxe5 14. O-O-O
Qxd6 15. Be4 Rad8 16. Bxd5 Nd3+ 17. Qxd3 Qxf4+ 18. Kb1 Rfe8 19. Rhe1 Rxe1 20.
Rxe1 Bf6 21. h3 Kg7 22. Rd1 b6 23. Kc2 Qh4 24. Qf1 h5 25. Rd3 b5 26. Be4 Rxd3
27. Qxd3 Qxf2+ 28. Kb3 b4 29. Qc2 Qf1 30. cxb4 Qxh3 31. Bd5 Qf1 32. Qc4 Qd1+
33. Ka3 h4 34. Bxf7 Qxf3+ 35. Ka4 Qd1+ 36. Ka3 Qd4 37. Qc7 Be5 38. Qb7 Qxb2+
39. Ka4 Qc2+ 40. Bb3+ Qc7 41. Qd5 h3 42. Qg8+ Kh6 43. Qf8+ Kg5 44. Qf3 h2 45.
Bd5 Qc2+ 46. Ka5 Qc3 47. Qg2+ Qg3 48. Qe4 Kf6 49. Ka6 Qf2 50. Kb5 Qf1+ 51. Ka4
Qf4 52. Qg2 Bd6 53. a3 Be5 54. Qh3 Qf5 55. Qh4+ Qg5 56. Qh8+ Kf5 57. Qh3+ Kf6
58. Qh8+ Ke7 59. Qa8 Qg1 60. Qb7+ Kf6 61. Qf7+ Kg5 62. Qf3 Qg4 63. Qe3+ Qf4 64.
Qxa7 Qd4 65. Qe7+ Bf6 66. Qb7 Qe3 67. Bh1 Kh6 68. Qg2 Be5 69. Qg4 1/2-1/2

[Event "BIH-chT2"]
[Site "Tuzla"]
[Date "2015.10.16"]
[Round "1.2"]
[White "Boric, Muhamed"]
[Black "Ramic, Mirnes"]
[Result "1-0"]
[WhiteElo "2397"]
[BlackElo "2028"]
[PlyCount "95"]
[EventDate "2015.10.16"]

1. d4 Nf6 2. Nf3 g6 3. Bg5 Bg7 4. Nbd2 d6 5. c3 Bf5 6. Qb3 Qc8 7. e3 O-O 8. Be2
h6 9. Bh4 Nc6 10. O-O g5 11. Bg3 Nh5 12. e4 Nxg3 13. hxg3 Bg6 14. Rfe1 e6 15.
a4 a5 16. Bc4 Ne7 17. Bd3 Kh8 18. Qc2 Qd7 19. g4 e5 20. dxe5 Bxe5 21. Nxe5 dxe5
22. Nc4 f6 23. Ne3 h5 24. Rad1 Qc8 25. Bb5 c6 26. Be2 h4 27. Rd6 Qc7 28. Red1
Nd5 29. Nc4 Rad8 30. Nxe5 fxe5 31. Rxg6 Nf4 32. Rxg5 h3 33. Bf3 hxg2 34. Bxg2
Rxd1+ 35. Qxd1 Qb6 36. Rxe5 Nxg2 37. Rh5+ Kg8 38. Rf5 Ne3 39. Rxf8+ Kxf8 40.
Qf3+ Kg8 41. Qxe3 Qxb2 42. Qg5+ Kh8 43. Qe5+ Kg8 44. Kg2 b5 45. Qe8+ Kg7 46.
Qd7+ Kg6 47. Qxc6+ Kf7 48. Qd7+ 1-0

[Event "BIH-chT2"]
[Site "Tuzla"]
[Date "2015.10.16"]
[Round "1.2"]
[White "Omercic, Muhamed"]
[Black "Sinanovic, Ermin"]
[Result "0-1"]
[WhiteElo "2066"]
[BlackElo "2122"]
[PlyCount "78"]
[EventDate "2015.10.16"]

1. d4 Nf6 2. c4 e5 3. Nc3 exd4 4. Qxd4 Nc6 5. Qd1 Bc5 6. e3 d6 7. a3 a5 8. Nf3
O-O 9. Bd3 Bg4 10. Qc2 Bxf3 11. gxf3 Ne5 12. Be2 c6 13. Ne4 Nxe4 14. fxe4 Qh4
15. Bd2 Rfe8 16. h3 Re6 17. Rg1 Rg6 18. Rf1 Rg2 19. Rd1 a4 20. b4 axb3 21. Qxb3
Rxa3 22. Qxb7 g6 23. Bc1 Rxe3 24. Bxe3 Bxe3 25. Rxd6 Rxf2 26. Kd1 Rxf1+ 27.
Bxf1 Qf2 28. Qc8+ Kg7 29. Be2 Qg1+ 30. Kc2 Qc1+ 31. Kb3 Qb1+ 32. Kc3 Qa1+ 33.
Kb3 Qb1+ 34. Kc3 Qe1+ 35. Kb3 Qxe2 36. Qa6 c5 37. Rd5 Bd4 38. Rxd4 cxd4 39. Qb5
Qxe4 0-1

[Event "BIH-chT2"]
[Site "Tuzla"]
[Date "2015.10.16"]
[Round "1.2"]
[White "Salkic, Mahir"]
[Black "Smajlovic, Nijaz"]
[Result "1-0"]
[WhiteElo "1968"]
[BlackElo "1995"]
[PlyCount "43"]
[EventDate "2015.10.16"]

1. d4 d5 2. Nf3 c5 3. e3 Nc6 4. c4 Bg4 5. cxd5 Qxd5 6. Nc3 Qh5 7. Be2 e6 8. Qa4
O-O-O 9. O-O Bd6 10. Ne4 cxd4 11. Nxd6+ Rxd6 12. exd4 Nge7 13. Bf4 Rd5 14. Rac1
Ra5 15. Qb4 Nd5 16. Qxa5 Nxf4 17. Rxc6+ bxc6 18. Ba6+ Kb8 19. Qb4+ Kc7 20. Qe7+
Kb6 21. Qb7+ Ka5 22. Ne5 1-0

[Event "BIH-chT2"]
[Site "Tuzla"]
[Date "2015.10.16"]
[Round "1.3"]
[White "Radic, Bojan"]
[Black "Trumic, Enes"]
[Result "1-0"]
[WhiteElo "2179"]
[BlackElo "2244"]
[PlyCount "63"]
[EventDate "2015.10.16"]

1. e4 e5 2. Nf3 Nc6 3. d4 exd4 4. Nxd4 Nf6 5. Nxc6 bxc6 6. e5 Qe7 7. Qe2 Nd5 8.
c4 Ba6 9. g3 g6 10. b3 Bg7 11. Bb2 O-O 12. Bg2 f6 13. e6 f5 14. O-O Nb6 15. Re1
Bxb2 16. Qxb2 d5 17. Nd2 Rae8 18. a4 Qb4 19. cxd5 cxd5 20. Qc2 Qd6 21. a5 Nc8
22. Rac1 Re7 23. Qc5 Rd8 24. b4 Bb7 25. Nb3 Ba8 26. Nd4 Kg7 27. Qc3 Kg8 28. Nb5
Qa6 29. Nxc7 Qb7 30. Qc5 Nd6 31. Nxd5 Kh8 32. Qd4+ 1-0

[Event "BIH-chT2"]
[Site "Tuzla"]
[Date "2015.10.16"]
[Round "1.3"]
[White "Avdic, Adnan"]
[Black "Bajramovic, Halid"]
[Result "1/2-1/2"]
[WhiteElo "2268"]
[BlackElo "2144"]
[PlyCount "145"]
[EventDate "2015.10.16"]

1. e4 c5 2. Nf3 d6 3. Bb5+ Nc6 4. O-O a6 5. Be2 Nf6 6. d3 g6 7. a4 Bg7 8. Nbd2
Rb8 9. Nc4 b5 10. axb5 axb5 11. Ne3 O-O 12. Ne1 d5 13. exd5 Nxd5 14. Bf3 e6 15.
c3 Qd6 16. g3 Bb7 17. Nxd5 exd5 18. Bf4 Be5 19. Ng2 d4 20. Re1 Bxf4 21. Nxf4
Ne5 22. Bxb7 Rxb7 23. cxd4 Qxd4 24. Re4 Qxb2 25. Rb1 Qc3 26. Nd5 Qxd3 27. Rxe5
Qxd1+ 28. Rxd1 Kg7 29. Ne3 Rc8 30. Rb1 Kf6 31. f4 b4 32. Re4 Kg7 33. Kf2 Ra8
34. Rb2 b3 35. Nd1 Ra1 36. Re1 c4 37. Nc3 Ra6 38. Re4 Rc7 39. Ke3 Rd6 40. Rd2
Rb6 41. Rb2 Rd6 42. Rd2 Rb6 43. Rb2 Rd6 44. Ke2 Rb6 45. Rd4 Re6+ 46. Kd2 h5 47.
Nd5 Rc5 48. Nc3 Rc7 49. Rb1 Ra6 50. h3 Kh6 51. Re1 Ra3 52. g4 hxg4 53. hxg4 Ra8
54. Rd6 Kg7 55. g5 Rh8 56. Rd4 Rh2+ 57. Re2 Rh8 58. Nd5 Rb7 59. Nc3 Rc7 60. Kc1
Ra8 61. Ree4 Rac8 62. Kb2 Rc5 63. Rd7 Rh8 64. Rd2 Ra8 65. Red4 Rh8 66. Ka3 Rc7
67. Rd8 Rxd8 68. Rxd8 Ra7+ 69. Kb2 f6 70. Rd4 fxg5 71. fxg5 Ra5 72. Rd7+ Kg8
73. Rc7 1/2-1/2

[Event "BIH-chT2"]
[Site "Tuzla"]
[Date "2015.10.16"]
[Round "1.3"]
[White "Cunjalo, Faris"]
[Black "Obad, Andrija"]
[Result "1/2-1/2"]
[WhiteElo "2054"]
[BlackElo "2201"]
[PlyCount "83"]
[EventDate "2015.10.16"]

1. d4 Nf6 2. c4 c5 3. d5 e5 4. Nc3 d6 5. g3 Be7 6. Bg2 O-O 7. e4 a6 8. Nge2 Ne8
9. O-O f5 10. f4 Bf6 11. fxe5 Bxe5 12. Qb3 b5 13. cxb5 axb5 14. Nxb5 Qb6 15.
Be3 Nf6 16. Nbc3 Qxb3 17. axb3 Rxa1 18. Rxa1 fxe4 19. Bxe4 Nxe4 20. Nxe4 Bf5
21. N4c3 Nd7 22. Bf4 Rb8 23. Ra3 Bc2 24. Nc1 Bxf4 25. gxf4 Rb4 26. Ra4 Nf6 27.
Kf2 Bxb3 28. Rxb4 cxb4 29. Nb5 Bxd5 30. Nxd6 Ng4+ 31. Kg3 Ne3 32. b3 Nc2 33.
Nf5 Kf7 34. Kf2 Kf6 35. Ne3 Nxe3 36. Kxe3 Kf5 37. h3 h5 38. Nd3 Bxb3 39. Nxb4
Bc4 40. Nc2 Bf1 41. Nd4+ Kf6 42. h4 1/2-1/2

[Event "BIH-chT2"]
[Site "Tuzla"]
[Date "2015.10.16"]
[Round "1.3"]
[White "Komadaric, Edin"]
[Black "Markovic, Dino"]
[Result "1/2-1/2"]
[WhiteElo "2155"]
[BlackElo "1993"]
[PlyCount "40"]
[EventDate "2015.10.16"]

1. e4 e6 2. d4 d5 3. exd5 exd5 4. Bd3 Bd6 5. c3 c6 6. Ne2 Ne7 7. Qc2 h6 8. O-O
Qc7 9. h3 O-O 10. Nd2 Nd7 11. b3 Nf6 12. c4 dxc4 13. bxc4 c5 14. d5 b5 15. cxb5
Nexd5 16. Ba3 Bb7 17. Rac1 Rac8 18. Bf5 Rce8 19. Bd3 Rc8 20. Bf5 Rce8 1/2-1/2

[Event "BIH-chT2"]
[Site "Tuzla"]
[Date "2015.10.16"]
[Round "1.3"]
[White "Hadzic, Latif"]
[Black "Jovanovic, Nenad"]
[Result "1-0"]
[WhiteElo "2047"]
[BlackElo "2055"]
[PlyCount "127"]
[EventDate "2015.10.16"]

1. e4 c5 2. Nf3 d6 3. Bb5+ Nc6 4. O-O Qb6 5. Nc3 Bd7 6. d4 cxd4 7. Nd5 Qd8 8.
Nxd4 e6 9. Nc3 Nf6 10. Bg5 Be7 11. Re1 Ne5 12. Qe2 O-O 13. Rad1 a6 14. Bxd7
Nexd7 15. Kh1 Rc8 16. f4 Ne8 17. Nf3 h6 18. Bxe7 Qxe7 19. Nd4 Nb6 20. Rd3 Nc4
21. Nd1 Nc7 22. b3 Nb6 23. c4 Rfd8 24. Rg3 Qf6 25. Qe3 Nd7 26. Nf2 Kf8 27. Ng4
Qh4 28. Rf1 Nf6 29. Nf2 Qh5 30. f5 exf5 31. Nxf5 Ne6 32. Nh3 g5 33. Nd4 Nxd4
34. Qxd4 Ne8 35. Qh8+ Ke7 36. Rxg5 Ng7 37. Qxd8+ Rxd8 38. Rxh5 Nxh5 39. Nf4
Nxf4 40. Rxf4 Rg8 41. g3 Rg5 42. Kg2 Ra5 43. Rf2 b5 44. cxb5 Rxb5 45. Kf3 a5
46. Ke3 a4 47. bxa4 Ra5 48. Kd3 Rxa4 49. Re2 h5 50. Kc3 Ke6 51. Kb3 Ra8 52. a4
h4 53. gxh4 Rh8 54. a5 Rxh4 55. a6 Rh8 56. Kc4 Kd7 57. a7 Rc8+ 58. Kd4 Ra8 59.
Ra2 Kc6 60. h4 f6 61. h5 Kb6 62. Kd5 Kc7 63. Ke6 Kb6 64. Kd7 1-0

[Event "BIH-chT2"]
[Site "Tuzla"]
[Date "2015.10.16"]
[Round "1.3"]
[White "Rahmanovic, Mesan"]
[Black "Redzepi, Mehmedalija"]
[Result "0-1"]
[WhiteElo "1948"]
[BlackElo "1909"]
[PlyCount "106"]
[EventDate "2015.10.16"]

1. e4 e6 2. d4 d5 3. exd5 exd5 4. Bd3 Bd6 5. Ne2 Nf6 6. Bg5 Be6 7. Nd2 Nbd7 8.
c3 c6 9. Qc2 Qc7 10. h3 h6 11. Bxf6 Nxf6 12. Nf3 g5 13. Bf5 Qd7 14. Bxe6 Qxe6
15. O-O-O Qe4 16. Rde1 O-O 17. Ng3 Qxc2+ 18. Kxc2 Bxg3 19. fxg3 Ne4 20. g4 f6
21. Nd2 Ng3 22. Rhg1 Rae8 23. Kd3 Kg7 24. a4 Kg6 25. Nf3 Re4 26. Nd2 Ree8 27.
b4 h5 28. b5 hxg4 29. hxg4 Kf7 30. Nf3 Re4 31. Re3 Rxe3+ 32. Kxe3 Re8+ 33. Kd3
Ne2 34. Rf1 Nf4+ 35. Kc2 Re2+ 36. Kb3 Rxg2 37. bxc6 bxc6 38. Kb4 Ke6 39. Rh1
Rxg4 40. Rh6 Rg3 41. Nd2 Nd3+ 42. Kb3 Nc1+ 43. Kb2 Ne2 44. Nb1 g4 45. Rh7 a5
46. Ra7 Rg2 47. Rxa5 Nxd4+ 48. Ka3 Nc2+ 49. Kb2 Ne3+ 50. Kb3 Nc4 51. Kb4 Rb2+
52. Kc5 Nxa5 53. Na3 Rb3 0-1

[Event "BIH-chT2"]
[Site "Tuzla"]
[Date "2015.10.16"]
[Round "1.4"]
[White "Drazic, Sinisa"]
[Black "Malkic, Jusuf"]
[Result "1/2-1/2"]
[WhiteElo "2430"]
[BlackElo "2117"]
[PlyCount "133"]
[EventDate "2015.10.16"]

1. e4 Nf6 2. Nc3 d5 3. e5 Nfd7 4. f4 e6 5. Nf3 c5 6. g3 Be7 7. Bg2 Nc6 8. O-O
O-O 9. d3 f5 10. exf6 Nxf6 11. Bd2 Bd6 12. Qe2 Bd7 13. Rae1 Re8 14. Ne5 Nd4 15.
Qd1 Rc8 16. g4 Bc6 17. Nxc6 bxc6 18. Ne2 Nxe2+ 19. Qxe2 Qb6 20. g5 Nd7 21. b3
g6 22. c4 Qc7 23. Qg4 Nf8 24. Re2 Re7 25. h4 Rce8 26. h5 gxh5 27. Qxh5 Ng6 28.
f5 exf5 29. Rxe7 Qxe7 30. cxd5 Qe2 31. Qxe2 Rxe2 32. Rf2 Rxf2 33. Kxf2 cxd5 34.
Bxd5+ Kg7 35. Be6 Ne7 36. Kf3 Kg6 37. Bf4 Nc6 38. Bxf5+ Kxf5 39. Bxd6 Nd4+ 40.
Ke3 Ne6 41. Be7 a6 42. a4 Ke5 43. Kd2 Kd5 44. Bf6 Nf4 45. Ke3 Ng2+ 46. Ke2 Nf4+
47. Kd2 Ke6 48. d4 cxd4 49. Bxd4 Kd5 50. Be3 Ng6 51. Kc3 Ne5 52. Bf4 Nc6 53. b4
Nd4 54. Be3 Nf5 55. Bf4 Nd4 56. Kd3 Nc6 57. Bd2 Ne5+ 58. Kc3 Nc4 59. Bc1 Nd6
60. Bf4 Nb7 61. Kd3 a5 62. Bd2 axb4 63. Bxb4 Nd8 64. a5 Ne6 65. Be7 Kc6 66. Kc4
Kb7 67. Kb5 1/2-1/2

[Event "BIH-chT2"]
[Site "Tuzla"]
[Date "2015.10.16"]
[Round "1.4"]
[White "Hrvic, Bilal"]
[Black "Trkulja, Goran"]
[Result "0-1"]
[WhiteElo "2124"]
[BlackElo "2320"]
[PlyCount "108"]
[EventDate "2015.10.16"]

1. c4 e5 2. g3 d5 3. Bg2 c6 4. cxd5 cxd5 5. d3 Nc6 6. Nf3 f5 7. e3 Nf6 8. O-O
Be7 9. Nc3 O-O 10. Qb3 Kh8 11. Ne2 a5 12. Bd2 a4 13. Qd1 a3 14. b3 Qe8 15. Nc3
e4 16. Ng5 Ne5 17. dxe4 fxe4 18. Ne2 h6 19. Nh3 Nf3+ 20. Kh1 Ng4 21. Bxf3 exf3
22. Nef4 Bf6 23. Rc1 g5 24. Bb4 gxf4 25. Nxf4 Rg8 26. Qxd5 Bd7 27. Rc7 Rd8 28.
h3 Ne5 29. Qe4 Nc6 30. Qxe8 Bxe8 31. Bxa3 b5 32. Rc1 Ne5 33. Bb2 Ng4 34. Bxf6+
Nxf6 35. Ne6 Rd2 36. R7c2 Rxc2 37. Rxc2 Bg6 38. Rc7 Ne4 39. Kg1 b4 40. Rc4 Rb8
41. Nd4 Nd2 42. Rc7 Ra8 43. g4 Rxa2 44. Rc1 Bd3 45. Rd1 Be2 46. Rc1 Ne4 47. Nc2
Ba6 48. h4 Rb2 49. g5 hxg5 50. hxg5 Kg7 51. Kh2 Nxf2 52. Kg3 Nd3 53. Rh1 f2 54.
Kg2 Bb7+ 0-1

[Event "BIH-chT2"]
[Site "Tuzla"]
[Date "2015.10.16"]
[Round "1.4"]
[White "Burovic, Ismet"]
[Black "Nurkic, Alija"]
[Result "1-0"]
[WhiteElo "2324"]
[BlackElo "2084"]
[PlyCount "71"]
[EventDate "2015.10.16"]

1. e4 e6 2. d3 d5 3. Nd2 dxe4 4. dxe4 Bd7 5. Ngf3 Nc6 6. e5 Nge7 7. c3 Ng6 8.
Qe2 Be7 9. g3 f6 10. exf6 Bxf6 11. Ne4 Qe7 12. Be3 Nce5 13. Bg2 Nxf3+ 14. Bxf3
Ne5 15. Bc5 Qf7 16. Nxf6+ Qxf6 17. Bxb7 Rb8 18. Bd4 Rxb7 19. Bxe5 Qf5 20. O-O-O
Bc6 21. Rhe1 O-O 22. f4 Rfb8 23. c4 a5 24. Bc3 Rc8 25. Qe5 Qf7 26. Qxa5 Rb6 27.
Qe5 Ra6 28. a3 Bf3 29. Rd3 Bg4 30. Qg5 h5 31. Rd8+ Rxd8 32. Qxd8+ Kh7 33. c5 e5
34. Rxe5 Qc4 35. Qd4 Qa2 36. Rxh5+ 1-0

[Event "BIH-chT2"]
[Site "Tuzla"]
[Date "2015.10.16"]
[Round "1.5"]
[White "Kekic, Armin"]
[Black "Kojic, Tigran"]
[Result "1/2-1/2"]
[WhiteElo "2231"]
[BlackElo "2346"]
[PlyCount "27"]
[EventDate "2015.10.16"]

1. e4 d6 2. d4 Nf6 3. Nc3 g6 4. g3 Bg7 5. Bg2 O-O 6. Nge2 c6 7. a4 Na6 8. O-O
Nb4 9. h3 e5 10. Be3 exd4 11. Bxd4 Re8 12. Qd2 a5 13. Rad1 Be6 14. Nf4 1/2-1/2

[Event "BIH-chT2"]
[Site "Tuzla"]
[Date "2015.10.16"]
[Round "1.5"]
[White "Mrndjic, Muamer"]
[Black "Komic, Ibrahim"]
[Result "1-0"]
[WhiteElo "2224"]
[BlackElo "2231"]
[PlyCount "65"]
[EventDate "2015.10.16"]

1. d4 d6 2. e4 Nf6 3. Nc3 c6 4. Nf3 Qa5 5. Bd2 Qc7 6. Bf4 Nbd7 7. h3 e5 8. Bh2
b5 9. a3 a6 10. Be2 g6 11. O-O Bg7 12. Qd2 O-O 13. Rfd1 Re8 14. dxe5 dxe5 15.
b4 Bf8 16. Rab1 Bb7 17. a4 Nb6 18. axb5 cxb5 19. Qe3 Nfd7 20. Rb3 Rac8 21. Bd3
f6 22. Bg3 Red8 23. Qe2 Nc4 24. h4 Be7 25. h5 Nf8 26. Nh4 Kf7 27. hxg6+ hxg6
28. Qg4 Rd4 29. Nf3 Rd6 30. Nh2 Kg7 31. f4 Ne3 32. Qf3 Nxd1 33. Nxd1 1-0

[Event "BIH-chT2"]
[Site "Tuzla"]
[Date "2015.10.16"]
[Round "1.5"]
[White "Abdic, Adnan"]
[Black "Zacinovic, Alija"]
[Result "0-1"]
[WhiteElo "2170"]
[BlackElo "2226"]
[PlyCount "80"]
[EventDate "2015.10.16"]

1. e4 Nc6 2. Nf3 f5 3. Bc4 fxe4 4. Bxg8 exf3 5. Bd5 fxg2 6. Bxg2 e6 7. d4 Qh4
8. Be3 Bd6 9. h3 Ne7 10. Qg4 Nf5 11. Qxh4 Nxh4 12. Be4 O-O 13. Nd2 Bf4 14. Ke2
d5 15. Bd3 c5 16. c3 b6 17. Rhg1 e5 18. dxe5 Bf5 19. Bxf4 Bxd3+ 20. Kxd3 Rxf4
21. Rg4 Rxg4 22. hxg4 Ng6 23. Re1 Rf8 24. e6 Re8 25. Kc2 Nf4 26. e7 Ng6 27. b4
c4 28. Nf3 Rxe7 29. Rxe7 Nxe7 30. Ne5 g6 31. g5 Kg7 32. Kd2 h6 33. gxh6+ Kxh6
34. Ke3 Kg5 35. a4 Kf5 36. Nf3 g5 37. Nd4+ Ke5 38. Nf3+ Kf6 39. Kd4 g4 40. Ne5
Ke6 0-1

[Event "BIH-chT2"]
[Site "Tuzla"]
[Date "2015.10.16"]
[Round "1.5"]
[White "Mrndjic, Armin"]
[Black "Hadzic, Sabahet"]
[Result "1/2-1/2"]
[WhiteElo "2122"]
[BlackElo "1950"]
[PlyCount "66"]
[EventDate "2015.10.16"]

1. d4 d5 2. Nf3 Nf6 3. c4 e6 4. Nc3 Nbd7 5. Bg5 Be7 6. e3 a6 7. c5 c6 8. Bd3 e5
9. Be2 e4 10. Nd2 O-O 11. O-O Ne8 12. Bf4 f5 13. Bg3 g5 14. f4 g4 15. b4 h5 16.
a4 h4 17. Be1 Nc7 18. Nb3 Ne6 19. b5 Bf6 20. bxc6 bxc6 21. a5 Nc7 22. Na4 Nb5
23. Nb6 Ra7 24. Bb4 Nb8 25. Nc1 Be6 26. Na2 Qe7 27. Nc3 Qg7 28. Rc1 Rd8 29. Qb3
Bf7 30. Rfd1 Re7 31. Bxb5 axb5 32. Na2 Na6 33. Bc3 Ra7 1/2-1/2

[Event "BIH-chT2"]
[Site "Tuzla"]
[Date "2015.10.16"]
[Round "1.5"]
[White "Ruznic, Ramiz"]
[Black "Mataradzic, Almir"]
[Result "0-1"]
[WhiteElo "2040"]
[BlackElo "2088"]
[PlyCount "104"]
[EventDate "2015.10.16"]

1. Nf3 Nf6 2. d4 e6 3. g3 c5 4. Bg2 d5 5. c4 dxc4 6. O-O a6 7. a4 Nc6 8. dxc5
Qxd1 9. Rxd1 Bxc5 10. Nbd2 c3 11. bxc3 O-O 12. Nb3 Be7 13. Nfd4 Rd8 14. Bf4 Nd5
15. Nxc6 bxc6 16. Bd2 Rb8 17. Nd4 Bd7 18. e4 Nf6 19. e5 Nd5 20. c4 Nb4 21. Bxb4
Rxb4 22. Bxc6 Rxc4 23. Rac1 Rxc1 24. Rxc1 Be8 25. Nb3 Ba3 26. Rc4 Rc8 27. Na5
Bxc6 28. Nxc6 Kf8 29. Kf1 Ke8 30. Ke2 Kd7 31. Na5 Rxc4 32. Nxc4 Bc5 33. f3 Kc6
34. Kd3 Kd5 35. f4 Bg1 36. h3 Bf2 37. g4 Bg3 38. Ne3+ Kc5 39. Ke4 Bf2 40. Nd1
Bd4 41. f5 g6 42. h4 h6 43. fxg6 fxg6 44. a5 Kc4 45. h5 g5 46. Ne3+ Bxe3 47.
Kxe3 Kd5 48. Kf3 Kxe5 49. Ke3 Kd5 50. Kd3 e5 51. Kd2 Ke4 52. Ke2 Kf4 0-1

[Event "BIH-chT2"]
[Site "Tuzla"]
[Date "2015.10.17"]
[Round "2.1"]
[White "Rasidovic, Sead"]
[Black "Kojic, Tigran"]
[Result "0-1"]
[WhiteElo "2337"]
[BlackElo "2346"]
[PlyCount "96"]
[EventDate "2015.10.16"]

1. e4 d6 2. d4 Nf6 3. Nc3 g6 4. h3 Bg7 5. Be3 c6 6. g4 Qa5 7. Bg2 e5 8. Nge2
O-O 9. O-O Re8 10. f4 Nbd7 11. dxe5 dxe5 12. f5 b5 13. Ng3 Nb6 14. Qf3 Nc4 15.
Bg5 Rf8 16. b3 Na3 17. Rf2 Nd7 18. Be7 f6 19. fxg6 hxg6 20. Rd1 Rf7 21. Bd6 b4
22. Na4 Nb5 23. g5 Nd4 24. Qd3 Ba6 25. Qd2 c5 26. gxf6 Rxf6 27. Rxf6 Bxf6 28.
a3 Rd8 29. axb4 cxb4 30. Bxb4 Qc7 31. c3 Ne6 32. Qd6 Ndf8 33. Qxa6 Rxd1+ 34.
Kh2 Bh4 35. Bxf8 Nxf8 36. Nf1 Qf7 37. Nc5 Qf2 38. b4 Bg3+ 39. Kh1 Bf4 40. Qc4+
Kg7 41. Qa6 Kh6 42. Qc4 Re1 43. Qd3 Be3 44. Kh2 Re2 45. Nxe3 Rxe3 46. Qc4 Re1
47. Qd3 Qg1+ 48. Kg3 Re3+ 0-1